| 000 | 00416nam a2200157Ia 4500 | ||
|---|---|---|---|
| 008 | 210716s2008 xx 000 0 und d | ||
| 020 | _a9788174465634 | ||
| 041 | _aeng | ||
| 082 | _a658.3124 RAOP | ||
| 100 | _aRao, P L. | ||
| 245 | _aEnriching human capital through training and development. | ||
| 250 | _a1 | ||
| 260 |
_aNew Delhi _bExcel Books _c2008 |
||
| 300 | _axii,371 | ||
| 650 | _aTraining & Development | ||
| 999 |
_c208604 _d208604 |
||